Biggest Settlements In Each UK County - Statistics

General Stats
  • This quiz has been taken 52 times
  • The average score is 59 of 108
Answer Stats
County Answer % Correct
Merseyside Liverpool
100%
Bristol Bristol
98%
City of London City of London
98%
West Yorkshire Leeds
95%
Leicestershire Leicester
95%
Greater London London
95%
Tyne and Wear Newcastle-upon-Tyne
95%
Greater Manchester Manchester
93%
Norfolk Norwich
93%
Oxfordshire Oxford
93%
Derbyshire Derby
90%
City of Edinburgh Edinburgh
90%
Nottinghamshire Nottingham
90%
Hampshire Southampton
90%
Aberdeen City Aberdeen
88%
West Midlands Birmingham
88%
Dundee City Dundee
88%
Gloucestershire Gloucester
88%
Lincolnshire Lincoln
88%
Devon Plymouth
88%
Worcestershire Worcester
88%
Antrim | Down Belfast
86%
East Sussex Brighton and Hove
86%
Glasgow City Glasgow
86%
Highland Inverness
86%
East Riding of Yorkshire Kingston upon Hull
86%
Herefordshire Hereford
83%
Suffolk Ipswich
83%
Northamptonshire Northampton
83%
Perth and Kinross Perth
83%
South Yorkshire Sheffield
83%
Cardiff Cardiff
81%
Cumbria Carlisle
81%
Londonderry / Derry Londonderry / Derry
81%
Lancashire Blackpool
79%
Isle of Wight | Newport Newport
79%
Staffordshire Stoke-on-Trent
79%
Swansea Swansea
79%
Stirling Stirling
76%
Dorset Bournemouth
74%
Bedfordshire Luton
74%
Berkshire Reading
74%
Buckinghamshire Milton Keynes
71%
Cambridgeshire Peterborough
71%
Somerset Bath
69%
Wrexham Wrexham
64%
Dumfries and Galloway Dumfries
62%
Essex Southend-on-Sea
62%
Shropshire Telford
62%
Wiltshire Swindon
60%
South Ayrshire Ayr
57%
Bridgend Bridgend
57%
Falkirk Falkirk
57%
Cornwall Newquay
55%
Durham Darlington
52%
Kent Maidstone
52%
Gwynedd Bangor
48%
Surrey Guildford
48%
Neath Port Talbot Neath
48%
Ceredigion Aberystwyth
45%
Rutland Oakham
43%
Cheshire Warrington
43%
Hertfordshire Watford
43%
Fife Dunfermline
40%
Merthyr Tydfil Merthyr Tydfil
40%
Caerphilly Caerphilly
38%
Orkney Kirkwall
38%
Na h-Eileanan Siar (Western Isles) Stornoway
38%
West Sussex Crawley
36%
East Ayrshire Kilmarnock
36%
Renfrewshire Paisley
36%
Isle of Anglesey Holyhead
33%
Shetland Islands Lerwick
33%
Tyrone Omagh
33%
Fermanagh Enniskillen
31%
Aberdeenshire Peterhead
31%
The Vale of Glamorgan Barry
29%
Inverclyde Greenock
29%
North Yorkshire Middlesbrough
29%
Angus Arbroath
24%
Northumberland Blyth
24%
Warwickshire Nuneaton
24%
Denbighshire Rhyl
24%
Moray Elgin
21%
West Lothian Livingston
21%
Camarthenshire Llanelli
21%
Powys Newtown
21%
Clackmannanshire Alloa
19%
Armagh Craigavon / Lurgan / Portadown
19%
West Dunbartonshire Clydebank
17%
North Lanarkshire Cumbernauld
17%
South Lanarkshire East Kilbride
17%
Pembrokeshire Haverfordwest
17%
North Ayrshire Irvine
17%
East Lothian Musselburgh
17%
Conwy Colwyn Bay
14%
Scottish Borders Galashiels
14%
Argylle and Bute Helensburgh
14%
Torfaen Cwmbran
12%
Monmouthshire Abergavenny
10%
Rhondda Cynon Taff Aberdare
7%
East Dunbartonshire Bearsden
7%
Midlothian Bonnyrigg
7%
Flintshire Connah's Quay
7%
East Renfrewshire Newton Mearns
7%
Blaenau Gwent Ebbw Vale
5%
No matching quizzes found
Score Distribution
Percent of People with Each Score
Percentile by Number Answered
Your Score History
You have not taken this quiz